[Event "Capablanca mem open"]
[Site "La Habana CUB"]
[Date "2006.11.23"]
[Round "3.23"]
[White "Ramon, Vivian"]
[Black "Puntier, William"]
[Result "1-0"]
[WhiteElo "2223"]
[BlackElo "2337"]
[PlyCount "113"]
[EventDate "2006.11.21"]
[EventType "swiss"]
[EventRounds "9"]
[EventCountry "CUB"]
[Source "lmi"]
[SourceDate "2006.11.21"]

1. Nf3 f5 2. d4 Nf6 3. c4 g6 4. g3 Bg7 5. b4 O-O 6. Bb2 d6 7. Bg2 c6 8. O-O Na6
9. a3 Nc7 10. Nbd2 Rb8 11. Qc2 Kh8 12. Ne1 Be6 13. Nd3 Bg8 14. f3 Qd7 15. e4
fxe4 16. fxe4 Ng4 17. Rae1 Rxf1+ 18. Nxf1 Ne6 19. d5 Nd4 20. Qd1 e5 21. Bxd4
exd4 22. Bh3 h5 23. Nf4 Bf7 24. Nd2 g5 25. Nd3 Bg6 26. Qe2 Re8 27. Nf2 d3 28.
Bxg4 hxg4 29. Qxd3 Re5 30. Qb3 Qc8 31. Qd1 cxd5 32. cxd5 Qc3 33. Nb3 Bf7 34.
Re2 Bxd5 35. exd5 Rxe2 36. Qxe2 Qxb3 37. Qe8+ Kh7 38. Qh5+ Kg8 39. Qxg5 Qxa3
40. Qxg4 Qc1+ 41. Kg2 Qd2 42. Qe6+ Kh7 43. Qf5+ Kg8 44. Kh3 Qxb4 45. Qe6+ Kh8
46. Ne4 Qb1 47. Qe8+ Kh7 48. Ng5+ Kh6 49. Nf7+ Kh7 50. Qe6 Qf1+ 51. Kg4 Qd1+
52. Kh4 Qd4+ 53. Kh5 Bf6 54. Nxd6 Qf2 55. Qf7+ Kh8 56. Kg6 Qc2+ 57. Nf5 1-0

[Event "Capablanca mem open"]
[Site "La Habana CUB"]
[Date "2006.11.23"]
[Round "3.24"]
[White "Elliott, Warren"]
[Black "Hernandez, Tania"]
[Result "0-1"]
[WhiteElo "2286"]
[BlackElo "2201"]
[PlyCount "104"]
[EventDate "2006.11.21"]
[EventType "swiss"]
[EventRounds "9"]
[EventCountry "CUB"]
[Source "lmi"]
[SourceDate "2006.11.21"]

1. e4 c5 2. Nf3 d6 3. d4 cxd4 4. Nxd4 Nf6 5. Nc3 a6 6. Bg5 e6 7. f4 Be7 8. Qf3
h6 9. Bh4 g5 10. fxg5 Nfd7 11. Nxe6 fxe6 12. Qh5+ Kf8 13. Bb5 Ne5 14. O-O+ Kg8
15. Rf6 Bxf6 16. gxf6 Qf8 17. Be8 Rh7 18. Rf1 Nf7 19. Ba4 Nc6 20. Rf3 Nce5 21.
Rg3+ Kh8 22. Ne2 b5 23. Bb3 Bd7 24. Nf4 Ng5 25. Bxg5 hxg5 26. Qxg5 Qh6 27. Bxe6
Qxg5 28. Rxg5 Bxe6 29. Nxe6 Re8 30. Nf4 Rh6 31. Nd5 Rf8 32. Rf5 Rf7 33. h3 Kh7
34. Kf2 Nd7 35. Ke2 Rh4 36. g4 Rxh3 37. g5 Ne5 38. Ne7 Rh2+ 39. Ke3 Rg2 40. Kd4
Rxg5 41. Rf4 Rh5 42. Nd5 Rh2 43. Ne7 Ng6 44. Nxg6 Kxg6 45. Kc3 Rxf6 46. Rg4+
Kf7 47. a4 bxa4 48. Rg3 Rff2 49. Kb4 Rxc2 50. Kxa4 Rxb2 51. Ka5 Ra2+ 52. Kb6
Ke6 0-1

[Event "Capablanca mem open"]
[Site "La Habana CUB"]
[Date "2006.11.24"]
[Round "4.1"]
[White "Perez, Orelvis"]
[Black "Borges Mateos, Juan"]
[Result "0-1"]
[WhiteElo "2415"]
[BlackElo "2431"]
[PlyCount "48"]
[EventDate "2006.11.21"]
[EventType "swiss"]
[EventRounds "9"]
[EventCountry "CUB"]
[Source "lmi"]
[SourceDate "2006.11.21"]

1. e4 e6 2. d4 d5 3. Nc3 Nf6 4. e5 Nfd7 5. f4 c5 6. Nf3 Nc6 7. Be3 a6 8. Qd2
Be7 9. Ne2 b5 10. g3 Qa5 11. Qxa5 Nxa5 12. O-O-O c4 13. Bh3 Nb6 14. g4 b4 15.
b3 Nc6 16. f5 a5 17. Nf4 a4 18. Rhf1 axb3 19. axb3 c3 20. Kb1 O-O 21. Nh5 Ra5
22. f6 Bd7 23. Nd2 Rfa8 24. Kc1 Ra1+ 0-1

[Event "Capablanca mem open"]
[Site "La Habana CUB"]
[Date "2006.11.24"]
[Round "4.2"]
[White "Iturrizaga, Eduardo"]
[Black "Zambrana, Oswaldo"]
[Result "1-0"]
[WhiteElo "2309"]
[BlackElo "2427"]
[PlyCount "75"]
[EventDate "2006.11.21"]
[EventType "swiss"]
[EventRounds "9"]
[EventCountry "CUB"]
[Source "lmi"]
[SourceDate "2006.11.21"]

1. d4 d5 2. c4 e6 3. Nc3 Nf6 4. cxd5 exd5 5. Bg5 Be7 6. Qc2 c6 7. e3 Bg4 8.
Nge2 h6 9. Bxf6 Bxf6 10. Nf4 g5 11. Be2 Bxe2 12. Nfxe2 Qe7 13. O-O Nd7 14. Ng3
Nb6 15. a4 Nc4 16. e4 dxe4 17. Ncxe4 Nd6 18. Rfe1 O-O-O 19. Nxd6+ Qxd6 20. Qf5+
Kb8 21. Ne4 Qxd4 22. Qxf6 Qxf6 23. Nxf6 Rd2 24. Rad1 Rhd8 25. Rxd2 Rxd2 26. g4
Rxb2 27. Ng8 Rb4 28. Nxh6 Rxa4 29. Re8+ Kc7 30. Re7+ Kb6 31. Rxf7 a5 32. h4 Re4
33. hxg5 Re6 34. Rf3 Kc5 35. Ra3 Kb4 36. Ra1 b5 37. f4 Rg6 38. f5 1-0

[Event "Capablanca mem open"]
[Site "La Habana CUB"]
[Date "2006.11.24"]
[Round "4.4"]
[White "Quezada, Yuniesky"]
[Black "De La Paz, Frank"]
[Result "1/2-1/2"]
[WhiteElo "2515"]
[BlackElo "2442"]
[PlyCount "77"]
[EventDate "2006.11.21"]
[EventType "swiss"]
[EventRounds "9"]
[EventCountry "CUB"]
[Source "lmi"]
[SourceDate "2006.11.21"]

1. e4 e5 2. Nf3 Nc6 3. Bb5 a6 4. Ba4 Nf6 5. O-O Be7 6. Re1 b5 7. Bb3 O-O 8. h3
Bb7 9. d3 d6 10. a3 Qd7 11. Nbd2 Nd8 12. Nf1 Ne6 13. Ng3 Rfe8 14. c3 c5 15. a4
Bf8 16. Ng5 d5 17. axb5 axb5 18. Rxa8 Bxa8 19. Nxe6 fxe6 20. Bg5 Qf7 21. Bc2
Nd7 22. Qe2 h6 23. Bd2 Bc6 24. Ra1 Nf6 25. b3 Qb7 26. Nh5 Be7 27. Nxf6+ Bxf6
28. Qg4 Kh8 29. Kh2 Rd8 30. Bc1 Qf7 31. Ra6 Qb7 32. Ra2 Qf7 33. Kg1 Rf8 34. Qg3
Qb7 35. Qg4 Qf7 36. Bb1 Rd8 37. Qe2 Qb7 38. Bc2 Ra8 39. Rxa8+ 1/2-1/2

[Event "Capablanca mem open"]
[Site "La Habana CUB"]
[Date "2006.11.24"]
[Round "4.5"]
[White "Vera, Reynaldo"]
[Black "Alvarez Pedraza, Aramis"]
[Result "1/2-1/2"]
[WhiteElo "2510"]
[BlackElo "2439"]
[PlyCount "89"]
[EventDate "2006.11.21"]
[EventType "swiss"]
[EventRounds "9"]
[EventCountry "CUB"]
[Source "lmi"]
[SourceDate "2006.11.21"]

1. d4 Nf6 2. c4 e6 3. Nc3 Bb4 4. Qc2 c5 5. dxc5 Na6 6. a3 Bxc3+ 7. Qxc3 Nxc5 8.
f3 d5 9. cxd5 b6 10. b4 Na4 11. Qb3 b5 12. e4 a6 13. Bd3 O-O 14. Ne2 Re8 15.
Bb2 Nxb2 16. Qxb2 exd5 17. e5 Nd7 18. f4 f6 19. exf6 Qxf6 20. Qxf6 Nxf6 21. O-O
d4 22. Nxd4 Rd8 23. Rad1 Rxd4 24. Bxh7+ Kxh7 25. Rxd4 Bb7 26. Rd6 Re8 27. Rb6
Bd5 28. h3 Bc4 29. Rf2 Ra8 30. f5 a5 31. bxa5 Rxa5 32. Rf3 Ra8 33. Rg3 Ra7 34.
Kh2 Rd7 35. Rb8 Re7 36. Rb6 Nd5 37. Rb8 Be2 38. Rd8 Nf6 39. Rc3 Re5 40. Rd4
Rxf5 41. a4 bxa4 42. Rxa4 Re5 43. Ra7 Ne8 44. Rca3 Bh5 45. Rc3 1/2-1/2

[Event "Capablanca mem open"]
[Site "La Habana CUB"]
[Date "2006.11.24"]
[Round "4.6"]
[White "Pedersen, Nicolai Vesterbaek"]
[Black "Mosquera, Miguel"]
[Result "1/2-1/2"]
[WhiteElo "2510"]
[BlackElo "2425"]
[PlyCount "33"]
[EventDate "2006.11.21"]
[EventType "swiss"]
[EventRounds "9"]
[EventCountry "CUB"]
[Source "lmi"]
[SourceDate "2006.11.21"]

1. d4 d5 2. c4 c6 3. Nf3 Nf6 4. e3 Bf5 5. Nc3 e6 6. Nh4 Bg6 7. Nxg6 hxg6 8. a3
Nbd7 9. f4 Be7 10. g3 dxc4 11. Bxc4 O-O 12. e4 Nb6 13. Be2 c5 14. Be3 cxd4 15.
Bxd4 Rc8 16. O-O Nc4 17. Rb1 1/2-1/2

[Event "Capablanca mem open"]
[Site "La Habana CUB"]
[Date "2006.11.24"]
[Round "4.7"]
[White "Landenbergue, Claude"]
[Black "Gonzalez, Yuri"]
[Result "1/2-1/2"]
[WhiteElo "2446"]
[BlackElo "2502"]
[PlyCount "21"]
[EventDate "2006.11.21"]
[EventType "swiss"]
[EventRounds "9"]
[EventCountry "CUB"]
[Source "lmi"]
[SourceDate "2006.11.21"]

1. e4 c6 2. c4 d5 3. cxd5 cxd5 4. exd5 Nf6 5. Nc3 Nxd5 6. Nf3 Nc6 7. Bb5 e6 8.
O-O Be7 9. d4 O-O 10. Re1 Bd7 11. Nxd5 1/2-1/2

[Event "Capablanca mem open"]
[Site "La Habana CUB"]
[Date "2006.11.24"]
[Round "4.8"]
[White "Almeida, Omar"]
[Black "Haznedaroglu, Kivanc"]
[Result "1-0"]
[WhiteElo "2500"]
[BlackElo "2430"]
[PlyCount "75"]
[EventDate "2006.11.21"]
[EventType "swiss"]
[EventRounds "9"]
[EventCountry "CUB"]
[Source "lmi"]
[SourceDate "2006.11.21"]

1. d4 d5 2. c4 c6 3. Nf3 Nf6 4. e3 Bf5 5. Nc3 e6 6. Nh4 Bg6 7. Nxg6 hxg6 8. Bd2
Nbd7 9. Qc2 Bd6 10. h3 Qe7 11. Bd3 O-O 12. O-O dxc4 13. Bxc4 c5 14. dxc5 Bxc5
15. Be2 Rac8 16. Rfd1 Rfd8 17. Be1 Bb6 18. Qa4 g5 19. Rac1 Ne5 20. Kh1 Ng6 21.
Qb3 Nd7 22. Na4 Nc5 23. Nxb6 Rc6 24. Qb5 Rxd1 25. Bxd1 axb6 26. b4 Ne4 27. Rxc6
Qd7 28. Bc2 bxc6 29. Qxb6 Nd6 30. a4 f5 31. Bd3 e5 32. a5 Kh7 33. Be2 Ne7 34.
a6 Nec8 35. Qc5 e4 36. Bc3 Nb5 37. Bxb5 cxb5 38. Bd4 1-0

[Event "Capablanca mem open"]
[Site "La Habana CUB"]
[Date "2006.11.24"]
[Round "4.9"]
[White "Mena Crespo, Carlos"]
[Black "Corrales, Fidel"]
[Result "0-1"]
[WhiteElo "2413"]
[BlackElo "2496"]
[PlyCount "102"]
[EventDate "2006.11.21"]
[EventType "swiss"]
[EventRounds "9"]
[EventCountry "CUB"]
[Source "lmi"]
[SourceDate "2006.11.21"]

1. d4 Nf6 2. c4 e6 3. Nc3 Bb4 4. Qc2 d5 5. cxd5 exd5 6. Bg5 c5 7. a3 Bxc3+ 8.
Qxc3 cxd4 9. Qxd4 Nc6 10. Qf4 Be6 11. Nf3 d4 12. b4 Qd5 13. Bxf6 gxf6 14. g3
Qb3 15. Qd2 O-O-O 16. Bg2 d3 17. e3 Bd5 18. Rc1 Kb8 19. Rc3 Qa4 20. O-O Bxf3
21. Bxf3 Ne5 22. Bg2 b5 23. Qd1 d2 24. Qxa4 bxa4 25. Rd1 Rc8 26. Rxc8+ Rxc8 27.
Kf1 Rc3 28. Rxd2 Rxa3 29. Bd5 Nd3 30. b5 Nb4 31. Bxf7 Ra1+ 32. Kg2 a3 33. Bg8
Kc7 34. Kf3 h6 35. Kg4 Rb1 36. Kh5 Rb2 37. Rxb2 axb2 38. Bh7 Kb6 39. Kxh6 Kxb5
40. Kg7 f5 41. Bxf5 a5 42. h4 a4 43. h5 a3 44. Bb1 a2 45. Bxa2 Nxa2 46. h6 b1=Q
47. h7 Qb2+ 48. Kg8 Qb3+ 49. Kg7 Qc3+ 50. Kg8 Qc8+ 51. Kg7 Qd7+ 0-1

[Event "Capablanca mem open"]
[Site "La Habana CUB"]
[Date "2006.11.24"]
[Round "4.11"]
[White "Escobar Forero, Alder"]
[Black "Resende, Antonio Carlos"]
[Result "1-0"]
[WhiteElo "2457"]
[BlackElo "2402"]
[PlyCount "80"]
[EventDate "2006.11.21"]
[EventType "swiss"]
[EventRounds "9"]
[EventCountry "CUB"]
[Source "lmi"]
[SourceDate "2006.11.21"]

1. e4 c5 2. Nf3 Nc6 3. d4 cxd4 4. Nxd4 g6 5. Nc3 Bg7 6. Nb3 Nf6 7. Be2 O-O 8.
O-O d6 9. Re1 Bd7 10. Bf1 a5 11. a4 Nb4 12. Nb5 Bc6 13. f3 Nd7 14. c3 Na6 15.
N3d4 Nb6 16. Bg5 Qd7 17. Kh1 Nc5 18. b3 Rfc8 19. Be3 Qd8 20. Ra2 Bd7 21. Bf2
Ne6 22. e5 Nxd4 23. Qxd4 Bxb5 24. axb5 Nd7 25. f4 dxe5 26. fxe5 Qc7 27. b6 Qc6
28. Ra4 Nb8 29. Rc4 Qe6 30. Rc7 Nc6 31. Qc5 Rxc7 32. bxc7 Rc8 33. b4 axb4 34.
cxb4 Qd7 35. e6 Qxc7 36. exf7+ Kxf7 37. Bc4+ Kf8 38. Qd5 e6 39. Qxe6 Be5 40.
Qg8+ Ke7 1-0

[Event "Capablanca mem open"]
[Site "La Habana CUB"]
[Date "2006.11.24"]
[Round "4.12"]
[White "Barrientos, Sergio"]
[Black "Soto Paez, Oliver"]
[Result "0-1"]
[WhiteElo "2421"]
[BlackElo "2315"]
[PlyCount "88"]
[EventDate "2006.11.21"]
[EventType "swiss"]
[EventRounds "9"]
[EventCountry "CUB"]
[Source "lmi"]
[SourceDate "2006.11.21"]

1. e4 c5 2. Nf3 e6 3. d4 cxd4 4. Nxd4 a6 5. Bd3 Bc5 6. Nb3 Ba7 7. Qe2 Nc6 8.
Be3 d6 9. N1d2 Nge7 10. f4 e5 11. Bxa7 Rxa7 12. f5 O-O 13. O-O f6 14. Nc4 d5
15. exd5 Nxd5 16. Be4 b5 17. Rad1 Rd7 18. Qf3 bxc4 19. Bxd5+ Rxd5 20. Rxd5 Qb6+
21. Rc5 Ne7 22. g4 Kh8 23. Qf2 cxb3 24. cxb3 g6 25. fxg6 Nxg6 26. Qe3 Qd6 27.
h3 Nf4 28. Kh2 Bb7 29. Rc2 Rd8 30. Rcf2 Qd3 31. Re1 Rd4 32. g5 Qf5 33. gxf6 Re4
34. Rd1 Qxf6 35. Qa7 Qe7 36. Qb8+ Kg7 37. Rg1+ Ng6 38. Rc1 Kh6 39. Rg1 Re3 40.
Rg4 Re1 41. Rg1 Rxg1 42. Kxg1 Qg5+ 43. Kh2 Qe3 44. Kg1 Qe1+ 0-1

[Event "Capablanca mem open"]
[Site "La Habana CUB"]
[Date "2006.11.24"]
[Round "4.13"]
[White "Perez, Rodney"]
[Black "Hernandez, Holden"]
[Result "1/2-1/2"]
[WhiteElo "2385"]
[BlackElo "2524"]
[PlyCount "100"]
[EventDate "2006.11.21"]
[EventType "swiss"]
[EventRounds "9"]
[EventCountry "CUB"]
[Source "lmi"]
[SourceDate "2006.11.21"]

1. e4 c5 2. Nf3 d6 3. d4 cxd4 4. Nxd4 Nf6 5. Nc3 a6 6. Be2 e6 7. O-O Be7 8. f4
O-O 9. Be3 Qc7 10. Qe1 b5 11. a3 Bb7 12. Bf3 Re8 13. Qg3 Nc6 14. Rae1 Nxd4 15.
Bxd4 e5 16. Be3 exf4 17. Bxf4 Nd7 18. Kh1 Bf8 19. Rf2 Ne5 20. Bh5 g6 21. Ref1
Bg7 22. Be2 Re6 23. h3 Rae8 24. Bg5 h6 25. Nd5 Qxc2 26. Bxb5 Qxe4 27. Nc3 axb5
28. Nxe4 Bxe4 29. Bf6 d5 30. Bxg7 Kxg7 31. Qe3 f6 32. b3 Rc6 33. Qd4 Rd6 34.
Qb4 Ree6 35. Rd2 f5 36. Qxb5 d4 37. Qc5 d3 38. a4 Rd5 39. Qc7+ Kf6 40. Rc1 f4
41. Re1 Kf5 42. Qc8 Nd7 43. Kh2 g5 44. Qc4 Nf6 45. a5 Rxa5 46. Rxd3 Ra2 47.
Rxe4 Rxe4 48. Qc8+ Kg6 49. Rd6 f3 50. Rxf6+ Kxf6 1/2-1/2

[Event "Capablanca mem open"]
[Site "La Habana CUB"]
[Date "2006.11.24"]
[Round "4.15"]
[White "Arencibia, Walter"]
[Black "Garcia, Osmel"]
[Result "1-0"]
[WhiteElo "2530"]
[BlackElo "2400"]
[PlyCount "109"]
[EventDate "2006.11.21"]
[EventType "swiss"]
[EventRounds "9"]
[EventCountry "CUB"]
[Source "lmi"]
[SourceDate "2006.11.21"]

1. e4 e6 2. d4 d5 3. Nc3 Nf6 4. e5 Nfd7 5. f4 c5 6. Nf3 Nc6 7. Be3 a6 8. Qd2 b5
9. a3 Rb8 10. dxc5 Bxc5 11. Bxc5 Nxc5 12. b4 Nd7 13. Bd3 Qb6 14. Qf2 f6 15.
exf6 Qxf2+ 16. Kxf2 Nxf6 17. Rhe1 O-O 18. Kg1 Bd7 19. Rad1 Rbc8 20. Nb1 Ng4 21.
h3 Nh6 22. Ng5 Rxf4 23. Nxe6 Bxe6 24. Rxe6 Rf6 25. Rxf6 gxf6 26. c3 Rd8 27. Nd2
d4 28. cxd4 Nxd4 29. Ne4 Kg7 30. Nc5 Nf7 31. Kf2 Rd6 32. Be4 Kh6 33. Bb7 Nc2
34. Rxd6 Nxd6 35. Bd5 Nxa3 36. Nxa6 Nac4 37. Nc7 Ne5 38. Ke3 Kg5 39. Kd4 Nf5+
40. Kc5 Nd3+ 41. Kxb5 Nxb4 42. Kxb4 Kf4 43. Kc5 Kg3 44. Ne8 Ne3 45. Nxf6 Nxg2
46. Bxg2 Kxg2 47. h4 Kg3 48. h5 Kh4 49. Kd5 Kg5 50. Ke6 Kh6 51. Kf7 Kg5 52. Kg7
h6 53. Kf7 Kf5 54. Ne8 Kg5 55. Ng7 1-0

[Event "Capablanca mem open"]
[Site "La Habana CUB"]
[Date "2006.11.24"]
[Round "4.16"]
[White "Gongora, Maikel"]
[Black "Larduet, Carlos"]
[Result "1-0"]
[WhiteElo "2467"]
[BlackElo "2308"]
[PlyCount "77"]
[EventDate "2006.11.21"]
[EventType "swiss"]
[EventRounds "9"]
[EventCountry "CUB"]
[Source "lmi"]
[SourceDate "2006.11.21"]

1. e4 c5 2. Nf3 d6 3. d4 cxd4 4. Nxd4 Nf6 5. Nc3 a6 6. Be3 e6 7. f3 b5 8. Qd2
b4 9. Na4 d5 10. e5 Nfd7 11. f4 Qc7 12. Qf2 Nc6 13. Bd3 Bb7 14. O-O Nxd4 15.
Bxd4 Bc6 16. Nb6 Nxb6 17. Bxb6 Qb7 18. f5 Bd7 19. Bd4 Rc8 20. a3 b3 21. f6 g6
22. cxb3 Qxb3 23. Bxa6 Rc2 24. Qf3 Rxb2 25. Qxb3 Rxb3 26. Rfb1 Rxb1+ 27. Rxb1
Bc6 28. Rb8+ Kd7 29. Kh1 h5 30. Bb6 Ba4 31. Bb7 Bc5 32. Rxh8 Bxb6 33. Rf8 Bc5
34. Rxf7+ Ke8 35. Rg7 d4 36. Be4 Bb5 37. Bxg6+ Kd8 38. Rg8+ Kc7 39. f7 1-0

[Event "Capablanca mem open"]
[Site "La Habana CUB"]
[Date "2006.11.24"]
[Round "4.17"]
[White "Pozo Vera, Sandro"]
[Black "Ramon, Vivian"]
[Result "1/2-1/2"]
[WhiteElo "2462"]
[BlackElo "2223"]
[PlyCount "136"]
[EventDate "2006.11.21"]
[EventType "swiss"]
[EventRounds "9"]
[EventCountry "CUB"]
[Source "lmi"]
[SourceDate "2006.11.21"]

1. d4 Nf6 2. c4 d6 3. Nc3 Nbd7 4. Nf3 e5 5. e4 c6 6. Be2 Be7 7. O-O O-O 8. Qc2
Re8 9. b3 Bf8 10. Bb2 exd4 11. Nxd4 Nc5 12. Bf3 a5 13. Rad1 Qb6 14. a3 Bd7 15.
Bc1 Rad8 16. h3 Bc8 17. Be3 Qc7 18. b4 axb4 19. axb4 Ne6 20. Nf5 g6 21. Nh6+
Kh8 22. Ng4 Bg7 23. Qd2 Qe7 24. Rfe1 h5 25. Nxf6 Qxf6 26. Rc1 Kh7 27. Bd1 Rg8
28. f4 Bh6 29. Rf1 Qe7 30. Bc2 h4 31. Rce1 Kh8 32. Qf2 g5 33. Nd5 cxd5 34. exd5
gxf4 35. Bd4+ Bg7 36. dxe6 fxe6 37. Bxg7+ Rxg7 38. Qxf4 e5 39. Qh6+ Kg8 40. Bf5
Qg5 41. Qxg5 Rxg5 42. Bxc8 Rxc8 43. Re4 b5 44. cxb5 Rb8 45. Rd1 Rg6 46. Rxh4
Rxb5 47. Rf1 Kg7 48. Rf5 Rd5 49. Rc4 Rf6 50. Rg5+ Kf7 51. h4 Rd1+ 52. Kh2 Ke6
53. h5 Kd5 54. Rh4 Rff1 55. Rgg4 Rh1+ 56. Kg3 Rd3+ 57. Kf2 Rd2+ 58. Kf3 Rd3+
59. Ke2 Rhd1 60. h6 R3d2+ 61. Ke3 Rb2 62. h7 Rdd2 63. Rg3 Rf2 64. Rgg4 Rfe2+
65. Kd3 Red2+ 66. Kc3 Rdc2+ 67. Kd3 Rd2+ 68. Ke3 Re2+ 1/2-1/2

[Event "Capablanca mem open"]
[Site "La Habana CUB"]
[Date "2006.11.24"]
[Round "4.19"]
[White "Linares Napoles, Oleiny"]
[Black "Blanco, Humberto"]
[Result "0-1"]
[WhiteElo "2199"]
[BlackElo "2426"]
[PlyCount "140"]
[EventDate "2006.11.21"]
[EventType "swiss"]
[EventRounds "9"]
[EventCountry "CUB"]
[Source "lmi"]
[SourceDate "2006.11.21"]

1. e4 e5 2. Nf3 Nc6 3. Bb5 a6 4. Ba4 Nf6 5. O-O Be7 6. Re1 b5 7. Bb3 d6 8. c3
O-O 9. d4 Bg4 10. Be3 exd4 11. cxd4 d5 12. exd5 Na5 13. Bc2 Nc4 14. Bc1 Nxd5
15. a3 Bf6 16. Nbd2 Nxd2 17. Qxd2 Ne7 18. Be4 Rc8 19. Qb4 Re8 20. d5 Qd7 21.
Bg5 Bxf3 22. Bxf6 Nxd5 23. Bxd5 Qxd5 24. Bc3 Qg5 25. g3 c5 26. Qf4 Qxf4 27.
gxf4 f6 28. Re3 Rxe3 29. fxe3 Rd8 30. Kf2 Be4 31. Re1 Kf7 32. Rg1 Rd5 33. Kg3
Ke6 34. Kh4 Rd7 35. Kg3 Kf5 36. Kf2 Bc2 37. Rc1 Bb3 38. Re1 Ke4 39. Re2 Bc4 40.
Rd2 Bd3 41. Rd1 Rd5 42. Rg1 Rd7 43. Rd1 Rf7 44. Bd2 Bc2 45. Rc1 Kd3 46. Bc3 Re7
47. Re1 Ke4 48. Re2 Bd3 49. Rd2 Rb7 50. Rd1 Rc7 51. Rc1 Kd5 52. Ba5 Rb7 53. Bc3
Rd7 54. Kf3 Be4+ 55. Ke2 Ke6 56. Ba5 Rd5 57. Kf2 Kd6 58. Bc3 Kc6 59. b4 Kb7 60.
Rg1 Bg6 61. Kf3 Rd3 62. Rc1 c4 63. Kf2 Kc6 64. Bd4 Rxa3 65. Rg1 Ra2+ 66. Kf3
Kd5 67. Ra1 Bh5+ 68. Kg3 Rxa1 69. Bxa1 Ke4 70. Kf2 Kd3 0-1

[Event "Capablanca mem open"]
[Site "La Habana CUB"]
[Date "2006.11.24"]
[Round "4.21"]
[White "Muñoz, Lisandro"]
[Black "Aponte, Ernesto"]
[Result "0-1"]
[WhiteElo "2396"]
[BlackElo "2115"]
[PlyCount "56"]
[EventDate "2006.11.21"]
[EventType "swiss"]
[EventRounds "9"]
[EventCountry "CUB"]
[Source "lmi"]
[SourceDate "2006.11.21"]

1. e4 Nf6 2. e5 Nd5 3. d4 d6 4. Nf3 dxe5 5. Nxe5 g6 6. Bc4 c6 7. Nc3 Be6 8. Ne4
Nc7 9. Be2 Bg7 10. Ng5 O-O 11. Nxe6 Nxe6 12. c3 c5 13. Qb3 cxd4 14. Qxb7 Bxe5
15. Qxa8 dxc3 16. Rb1 c2 17. Ra1 Bxb2 18. Bxb2 Qa5+ 19. Kf1 Qb4 20. g3 Qxb2 21.
Kg2 Nd4 22. Qe4 Nxe2 23. Qe3 Nc6 24. h4 Ncd4 25. h5 Nf5 26. Qc5 Qb7+ 27. f3 Rc8
28. Qa3 Rc3 0-1

[Event "Capablanca mem open"]
[Site "La Habana CUB"]
[Date "2006.11.24"]
[Round "4.23"]
[White "Marrero, Yaniet"]
[Black "Ordaz Valdes, Lisandra"]
[Result "1/2-1/2"]
[WhiteElo "2252"]
[BlackElo "2216"]
[PlyCount "85"]
[EventDate "2006.11.21"]
[EventType "swiss"]
[EventRounds "9"]
[EventCountry "CUB"]
[Source "lmi"]
[SourceDate "2006.11.21"]

1. e4 c5 2. Nf3 e6 3. b3 Nf6 4. Nc3 d6 5. d4 cxd4 6. Nxd4 d5 7. exd5 Bb4 8. Bd2
Bxc3 9. Bxc3 Nxd5 10. Bb2 Qa5+ 11. Qd2 Qxd2+ 12. Kxd2 O-O 13. Rd1 Bd7 14. c4
Nf6 15. f3 Rd8 16. Kc1 a6 17. Be2 Nc6 18. Nxc6 Bxc6 19. Rxd8+ Rxd8 20. Rd1
Rxd1+ 21. Kxd1 Nd7 22. Kd2 e5 23. Ke3 f5 24. Bd3 g6 25. Bc3 Kf7 26. a4 Ke6 27.
a5 f4+ 28. Ke2 Nc5 29. Bc2 e4 30. fxe4 Nxe4 31. Bd4 Nd6 32. Kf2 Nf5 33. Bxf5+
Kxf5 34. b4 Ke4 35. Bc5 Kd3 36. g3 f3 37. h4 Kxc4 38. Be7 Kd3 39. Bc5 Ke4 40.
Be7 Kf5 41. Bc5 g5 42. hxg5 Kxg5 43. Be7+ 1/2-1/2

[Event "Capablanca mem open"]
[Site "La Habana CUB"]
[Date "2006.11.24"]
[Round "4.25"]
[White "Diaz Ordonez, Ciro"]
[Black "Elliott, Warren"]
[Result "0-1"]
[WhiteElo "2257"]
[BlackElo "2286"]
[PlyCount "68"]
[EventDate "2006.11.21"]
[EventType "swiss"]
[EventRounds "9"]
[EventCountry "CUB"]
[Source "lmi"]
[SourceDate "2006.11.21"]

1. e4 c5 2. Nf3 Nc6 3. d4 cxd4 4. Nxd4 Nf6 5. Nc3 e5 6. Ndb5 d6 7. Bg5 a6 8.
Na3 b5 9. Bxf6 gxf6 10. Nd5 f5 11. Bxb5 axb5 12. Nxb5 Ra4 13. Nbc7+ Kd7 14. c4
Rxc4 15. O-O Nd4 16. Nb6+ Kxc7 17. Nxc4 Qg5 18. Ne3 Bb7 19. f4 Qd8 20. Rc1+ Kb8
21. fxe5 dxe5 22. Nxf5 Bxe4 23. Nxd4 Qxd4+ 24. Qxd4 exd4 25. Rxf7 Bh6 26. Rd1
Be3+ 27. Kf1 Bc2 28. Ra1 Bg6 29. Rf6 Re8 30. g3 Kc7 31. a4 d3 32. Rd1 d2 33.
Rf3 Bd3+ 34. Kg2 Be4 0-1

[Event "Capablanca mem open"]
[Site "La Habana CUB"]
[Date "2006.11.25"]
[Round "5.1"]
[White "Borges Mateos, Juan"]
[Black "Iturrizaga, Eduardo"]
[Result "1/2-1/2"]
[WhiteElo "2431"]
[BlackElo "2309"]
[PlyCount "39"]
[EventDate "2006.11.21"]
[EventType "swiss"]
[EventRounds "9"]
[EventCountry "CUB"]
[Source "lmi"]
[SourceDate "2006.11.21"]

1. Nf3 c5 2. c4 Nc6 3. d4 cxd4 4. Nxd4 g6 5. e4 Nf6 6. Nc3 d6 7. Be2 Nxd4 8.
Qxd4 Bg7 9. Bg5 O-O 10. Qd2 Be6 11. Rc1 Qa5 12. f3 Rfc8 13. Nd5 Qxd2+ 14. Kxd2
Nxd5 15. exd5 Bd7 16. Bd3 a5 17. Rc2 e6 18. Be4 Rc7 19. Rhc1 Bd4 20. dxe6
1/2-1/2

[Event "Capablanca mem open"]
[Site "La Habana CUB"]
[Date "2006.11.25"]
[Round "5.3"]
[White "Soto Paez, Oliver"]
[Black "Almeida, Omar"]
[Result "1-0"]
[WhiteElo "2315"]
[BlackElo "2500"]
[PlyCount "81"]
[EventDate "2006.11.21"]
[EventType "swiss"]
[EventRounds "9"]
[EventCountry "CUB"]
[Source "lmi"]
[SourceDate "2006.11.21"]

1. e4 c5 2. Nf3 d6 3. d4 cxd4 4. Nxd4 Nf6 5. Nc3 Nc6 6. Be3 e5 7. Nb3 Be6 8.
Qd2 Be7 9. f3 O-O 10. O-O-O a5 11. Kb1 a4 12. Nc1 a3 13. b3 Nb4 14. Nd3 d5 15.
Bc5 Nxd3 16. Bxe7 Qxe7 17. Bxd3 d4 18. Ne2 Nd7 19. c3 dxc3 20. Nxc3 Nc5 21. Bc2
Na6 22. Nd5 Bxd5 23. exd5 Qd6 24. Rhe1 Rac8 25. Re4 f5 26. Re3 Nb4 27. Rc3 e4
28. Rc4 Rxc4 29. bxc4 b5 30. cxb5 Rb8 31. Bb3 Rxb5 32. fxe4 fxe4 33. Qe2 Rb8
34. Qxe4 Kh8 35. Qe6 Qf8 36. g4 Re8 37. Qf5 Qc5 38. d6 Qc3 39. Qf2 Nxa2 40.
Kxa2 Rb8 41. Qc2 1-0

[Event "Capablanca mem open"]
[Site "La Habana CUB"]
[Date "2006.11.25"]
[Round "5.4"]
[White "Corrales, Fidel"]
[Black "Zambrana, Oswaldo"]
[Result "0-1"]
[WhiteElo "2496"]
[BlackElo "2427"]
[PlyCount "156"]
[EventDate "2006.11.21"]
[EventType "swiss"]
[EventRounds "9"]
[EventCountry "CUB"]
[Source "lmi"]
[SourceDate "2006.11.21"]

1. e4 c5 2. Nf3 d6 3. d4 cxd4 4. Nxd4 Nf6 5. Nc3 a6 6. Be3 e6 7. f3 b5 8. Qd2
b4 9. Nce2 e5 10. Nb3 Nc6 11. c4 Be6 12. Ng3 a5 13. Rd1 a4 14. Nc1 g6 15. Be2
Nd7 16. O-O Qc7 17. b3 Be7 18. Bd3 Nc5 19. Bc2 h5 20. Rf2 h4 21. Nf1 f5 22.
exf5 gxf5 23. Nd3 f4 24. Bxc5 dxc5 25. Qe1 Bf7 26. Re2 Rh5 27. Nf2 Nd4 28. Red2
h3 29. Be4 Ra6 30. g4 Rhh6 31. Rd3 axb3 32. axb3 Ra3 33. Nd2 Bh4 34. Qf1 Bxf2+
35. Qxf2 Qe7 36. Kh1 Rha6 37. Rg1 Ra1 38. Nf1 Qg5 39. Nd2 R6a2 40. Re1 Nc2 41.
Rb1 Qe7 42. Qg1 Rxb1 43. Nxb1 Ne3 44. Rd2 Rxd2 45. Nxd2 Qd6 46. Qe1 Qd4 47. g5
Ng2 48. Qe2 Ke7 49. Qd3 Qe3 50. Nf1 Qxd3 51. Bxd3 Nh4 52. Nd2 Be6 53. Ne4 Nxf3
54. g6 Bd7 55. g7 Be6 56. Nxc5 Bg8 57. Be4 Nd4 58. Nd3 Kf6 59. c5 Kxg7 60. Nxe5
Bxb3 61. Kg1 Kf6 62. Ng6 Ba4 63. Kf2 Ne6 64. Bb1 Kg5 65. Ne5 Nxc5 66. Kf3 Bd1+
67. Kf2 Bg4 68. Nf7+ Kf6 69. Nd6 Ke5 70. Nf7+ Kd4 71. Nh6 Be6 72. Kf3 Ke5 73.
Ng4+ Bxg4+ 74. Kxg4 b3 75. Kxh3 Na4 76. Kg2 Nc3 77. Bd3 Kd4 78. Bg6 Ke3 0-1